00655 2200241 4500001002100000005001700021008004100038020001800079035002400097040001200121082001300133090002400146100002000170245006600190250001100256260003200267300001900299500002700318650001500345700001900360850001200379990002200391YOGYA-0209000006857620090227092213.0 ind  a979-222-213-8 0010-020900000068576 aYOPDYOG a658.4033 aDEP 658.4033bSun M aSUNYOTO, Danang aMatematika ekonomi dan keungancDanang Sunyoto, Henry Sarnawo aCet. 1 aYogyakartabMed Pressc2007 a156 hlmc22 cm aBibliografi : hlm. 155 aEkonometri aSarnowo, Henry aYOPDYOG aCB-D.11 2007-763h